000 00539nam a2200205Ia 4500
005 20250508163647.0
008 008 250505s9999 xx 000 0 hin d
037 _aTextual
040 _aFEDL
_beng
_cFEDL
041 _ahin
_2hin
084 _a150, SHA
_qFEDL
100 _aSharma J D
245 0 _aManovigyan ki padhtiya awam siddhant
260 _aAgra, India
_bVinod Pustak Mandir
_c1991
300 _a610p.
365 _aINR
_b50
650 _aPsychology
942 _cTEXL
_h150, SHA
999 _c1384557
_d1384557